| 000 | 00568nam a22002177a 4500 | ||
|---|---|---|---|
| 003 | OSt | ||
| 005 | 20160530180327.0 | ||
| 008 | 160530b xxu||||| |||| 00| 0 eng d | ||
| 020 | _a0192631950 | ||
| 040 | _cDNLM | ||
| 082 | _aWB330 A18d 2003 | ||
| 100 |
_aEdited by David, Greenwood _99114 |
||
| 245 | _aAntimicrobial Chemotherapy | ||
| 250 | _a4th ed. | ||
| 260 | _aOxford University Press, 2003 | ||
| 300 | _avi,413p; ill: 23.5cm | ||
| 504 | _aReferences, & index included | ||
| 650 |
_aChemotherapy _91629 |
||
| 650 |
_aPharmacy _99115 |
||
| 942 |
_2z _cO_SHELF |
||
| 999 |
_c4229 _d4229 |
||